000
00277nam a22001217a 4500
008
181217b xxu||||| |||| 00| 0 eng d
041
_a
eng
080
_2
5 TH
_a
610
100
_a
3
101
_a
SHM
245
_a
Principles Emergency Dispatch
_c
Murray,C,D
942
_2
udc
_c
BK
999
_c
53254
_d
53254